Дело о дозволении господину Нико распродать церковные книги на молдавском языке в Бессарабской области

Доступно только в Электронных читальных залах Найти на картеНа карте
RUSMARC
00003600nmc2a22002413x 450
00123da2088-e6dd-4665-90c3-92c88f841627
00520250622000558.0
100##$a20241219l18431844k l0rusy0189 ca
1010#$arus
102##$aRU
105##$ay###
1222#$ad
2001#$aДело о дозволении господину Нико распродать церковные книги на молдавском языке в Бессарабской области
$j18 января 1843 г. - 28 февраля 1844 г.
215##$a9 л.
$d36,5х26 см
251##$cДело
300##$aНа обложке указано: "№13"
371##$aДокумент не является опубликованным и широко распространяемым
461#0$10012b5b8419-5ce4-4d16-a7a3-85720a295f1f
$12001
$aКанцелярия министра народного просвещения
$1251
$cФонд
$1852
$j735
462#0$1001562cc287-b13c-4f02-8029-f81535ba1e2e
$12001
$aКанцелярия министра народного просвещения
$1251
$cОпись
$1852
$j2
801#0$aRU
$bРГИА
$c20241219
$gRCR
801#1$aRU
$bГлавНИВЦ
$c20241219
$2rusmarc
801#2$aRU
$bПБ им. Б.Н. Ельцина
$c20250622
$gRCR
$2rusmarc
850##$aРГИА
852##$aРГИА
$eФедеральное казенное учреждение "Российский государственный исторический архив" (РГИА)
$j376
937##$hРГИА
$d12421294
$aASBIBLIO_SCAN
035##$aRusGRCC00083177
856##$uhttp://readingroom.main.prlib.ru/item.aspx?id_node=n196856111&mode=full
Формат отображения